[Event "Mittelrhein Verbandsliga Sued 1920"]
[Site "Mittelrhein"]
[Date "2020.02.16"]
[Round "6.4"]
[White "Jonas, Rainer"]
[Black "Pyta, Lorenz"]
[Result "1/2-1/2"]
[WhiteElo "1794"]
[BlackElo "1911"]
[PlyCount "121"]
[EventDate "2019.09.29"]
[EventType "team-tourn"]
[EventRounds "9"]
[EventCountry "GER"]
[SourceTitle "EXT 2023"]
[Source "ChessBase"]
[SourceDate "2022.10.05"]
[SourceVersion "1"]
[SourceVersionDate "2022.10.05"]
[SourceQuality "1"]
[WhiteTeam "Rheinbacher SF"]
[BlackTeam "Godesberg III"]
[WhiteTeamCountry "GER"]
[BlackTeamCountry "GER"]

1. d4 d6 2. Nf3 g6 3. e4 Nf6 4. Nc3 Bg7 5. Be3 c6 6. Qd2 b5 7. e5 dxe5 8. Nxe5 Ng4 9. Nxg4 Bxg4 10. f3 Be6 11. d5 Bc8 12. dxc6 Qxd2+ 13. Bxd2 a6 14. a4 bxa4 15. Rxa4 Nxc6 16. Nd5 0-0 17. Bc3 Bxc3+ 18. bxc3 Bb7 19. Bd3 e6 20. Nb4 a5 21. Nxc6 Bxc6 22. Ra3 Rfc8 23. Kd2 Rcb8 24. Re1 Kf8 25. Re5 a4 26. Rc5 Rb6 27. Ke3 Ke7 28. Rxc6 Rxc6 29. Be4 Kd6 30. Bxc6 Kxc6 31. Kd4 Kb5 32. Ke5 h5 33. h4 Ra7 34. g4 Kc5 35. Kf6 Kd5 36. gxh5 gxh5 37. Kg5 Ke5 38. c4 f6+ 39. Kxh5 Kf5 40. Kh6 e5 41. c5 Rc7 42. Rxa4 Rxc5 43. c4 Rc7 44. h5 Rc6 45. Rb4 Rc7 46. Ra4 Rc6 47. Ra7 Rxc4 48. Kg7 Rc3 49. Rf7 Kg5 50. h6 Rxf3 51. h7 Rh3 52. h8Q Rxh8 53. Kxh8 f5 54. Kg7 f4 55. Rf6 e4 56. Rg6+ Kf5 57. Rf6+ Kg4 58. Rg6+ Kf3 59. Kf6 e3 60. Kf5 e2 61. Re6 1/2-1/2

[Event "Mittelrhein Verbandsliga Sued 1920"]
[Site "Mittelrhein"]
[Date "2020.01.19"]
[Round "5.6"]
[White "Bendisch, Juergen"]
[Black "Jonas, Rainer"]
[Result "0-1"]
[WhiteElo "1636"]
[BlackElo "1794"]
[PlyCount "112"]
[EventDate "2019.09.29"]
[EventType "team-tourn"]
[EventRounds "9"]
[EventCountry "GER"]
[SourceTitle "EXT 2023"]
[Source "ChessBase"]
[SourceDate "2022.10.05"]
[SourceVersion "1"]
[SourceVersionDate "2022.10.05"]
[SourceQuality "1"]
[WhiteTeam "Hennef"]
[BlackTeam "Rheinbacher SF"]
[WhiteTeamCountry "GER"]
[BlackTeamCountry "GER"]

1. d4 Nf6 2. Nf3 g6 3. Bf4 d6 4. c3 Bg7 5. e3 0-0 6. Be2 Nbd7 7. h3 b6 8. Nbd2 Bb7 9. 0-0 Ne8 10. Nb3 e5 11. dxe5 Nxe5 12. Nxe5 dxe5 13. Qxd8 Rxd8 14. Bh2 Nd6 15. Rad1 Rfe8 16. Rd2 Ne4 17. Rxd8 Rxd8 18. Rd1 Rxd1+ 19. Bxd1 Nd6 20. Be2 Kf8 21. Nd2 Ke7 22. Nc4 f6 23. Nxd6 Kxd6 24. f4 Be4 25. Kf2 c6 26. g3 a5 27. Ke1 b5 28. Kd2 Bb1 29. a3 e4 30. Bg1 f5 31. Bf2 Kd5 32. Kc1 Ba2 33. Be1 Bb3 34. h4 Bf8 35. Kb1 Bc4 36. Bxc4+ Kxc4 37. Kc2 a4 38. Bd2 Bc5 39. Bc1 Bd6 40. Bd2 c5 41. Be1 b4 42. cxb4 cxb4 43. axb4 Bxb4 44. Bxb4 Kxb4 45. Kd2 Kb3 46. Kc1 h6 47. Kb1 a3 48. bxa3 Kxa3 49. Kc2 Kb4 50. Kb2 Kc4 51. Kc2 h5 52. Kd2 Kb3 53. Ke1 Kc3 54. Ke2 Kc2 55. Ke1 Kd3 56. Kf2 Kd2 0-1

[Event "Mittelrhein Verbandsliga-S 18/19"]
[Site "Nordrheinwestfalen"]
[Date "2018.09.30"]
[Round "2.6"]
[White "Jonas, Rainer"]
[Black "Koegler, Christof"]
[Result "0-1"]
[WhiteElo "1797"]
[BlackElo "2010"]
[PlyCount "74"]
[EventDate "2018.09.02"]
[EventType "team-tourn"]
[EventRounds "11"]
[EventCountry "GER"]
[SourceTitle "EXT 2022"]
[Source "ChessBase"]
[SourceDate "2021.10.06"]
[SourceVersion "1"]
[SourceVersionDate "2021.10.06"]
[SourceQuality "1"]
[WhiteTeam "Rheinbacher SF"]
[BlackTeam "Godesberg II"]
[WhiteTeamCountry "GER"]
[BlackTeamCountry "GER"]

1. d4 Nf6 2. Nf3 e6 3. e3 d5 4. Bd3 b6 5. 0-0 Bd6 6. b3 Nbd7 7. Bb2 Ne4 8. Nbd2 Bb7 9. Ne5 0-0 10. f4 Rc8 11. Ndf3 Nb8 12. Bxe4 dxe4 13. Ng5 Qe7 14. Qh5 h6 15. Nh3 f5 16. g4 Qe8 17. Qh4 Bxe5 18. dxe5 fxg4 19. Qxg4 Rf5 20. Rad1 Qh5 21. Qg3 Re8 22. Kh1 Nc6 23. Nf2 Ne7 24. Ng4 Kh8 25. Rd7 Rf7 26. Rfd1 Nf5 27. Qg1 Bc6 28. Rxf7 Qxf7 29. h3 Qh5 30. Kh2 Nh4 31. Qg3 Rf8 32. Rf1 Nf5 33. Qf2 Rd8 34. Rg1 Nh4 35. Kh1 Nf3 36. Rg3 Rd1+ 37. Kg2 Rd2 0-1

[Event "Mittelrhein Verbandsliga-S 18/19"]
[Site "Nordrheinwestfalen"]
[Date "2018.09.02"]
[Round "1.8"]
[White "Jonas, Rainer"]
[Black "Winckler, Andreas"]
[Result "1-0"]
[WhiteElo "1797"]
[BlackElo "1743"]
[PlyCount "71"]
[EventDate "2018.09.02"]
[EventType "team-tourn"]
[EventRounds "11"]
[EventCountry "GER"]
[SourceTitle "EXT 2022"]
[Source "ChessBase"]
[SourceDate "2021.10.06"]
[SourceVersion "1"]
[SourceVersionDate "2021.10.06"]
[SourceQuality "1"]
[WhiteTeam "Rheinbacher SF"]
[BlackTeam "Bergische SF II"]
[WhiteTeamCountry "GER"]
[BlackTeamCountry "GER"]

1. d4 Nf6 2. Nf3 d5 3. e3 Nbd7 4. Bd3 e6 5. b3 c5 6. Bb2 Be7 7. 0-0 0-0 8. Nbd2 h6 9. Ne5 a6 10. f4 Qc7 11. Qf3 b5 12. c4 bxc4 13. bxc4 Rb8 14. Rab1 Bb7 15. Qh3 dxc4 16. Ndxc4 Be4 17. Bxe4 Nxe4 18. f5 cxd4 19. Bxd4 Rxb1 20. Rxb1 Nxe5 21. Nxe5 Qc2 22. Rf1 Nd2 23. fxe6 f6 24. Nd7 Rc8 25. Re1 Qg6 26. Rd1 Ne4 27. Qf3 f5 28. Nb6 Rd8 29. Rf1 Qxe6 30. Qxf5 Qxf5 31. Rxf5 Bf6 32. Rd5 Re8 33. Bxf6 Nxf6 34. Rd3 Ng4 35. Nd5 Rc8 36. Ne7+ 1-0

[Event "Mittelrhein Verbandsliga-O 15/16"]
[Site "Nordrheinwestfalen"]
[Date "2015.09.27"]
[Round "2"]
[White "Jonas, Rainer"]
[Black "Hack, Thomas1111"]
[Result "1-0"]
[WhiteElo "1785"]
[BlackElo "1946"]
[PlyCount "85"]
[EventDate "2015.09.06"]
[EventType "team-tourn"]
[EventRounds "11"]
[EventCountry "GER"]
[SourceTitle "EXT 2022"]
[Source "ChessBase"]
[SourceDate "2021.10.06"]
[SourceVersion "1"]
[SourceVersionDate "2021.10.06"]
[SourceQuality "1"]
[WhiteTeam "Rheinbacher SF"]
[BlackTeam "Euskirchen Turm"]
[WhiteTeamCountry "GER"]
[BlackTeamCountry "GER"]

1. d4 d5 2. Nf3 Nf6 3. e3 Bg4 4. h3 Bh5 5. g4 Bg6 6. Ne5 Nfd7 7. h4 Nxe5 8. dxe5 f6 9. e6 Qd6 10. Nc3 Qxe6 11. Qxd5 Qxd5 12. Nxd5 Be4 13. Nxc7+ Kd7 14. Nxa8 Bxh1 15. Bb5+ Kc8 16. Ke2 Bd5 17. c4 Bc6 18. Bd2 b6 19. Nxb6+ axb6 20. a4 e5 21. a5 Kb7 22. Ba4 bxa5 23. Bxa5 Bxa4 24. Rxa4 Nc6 25. Bc3 Bd6 26. b4 Ra8 27. Rxa8 Kxa8 28. c5 Be7 29. Kd3 Kb7 30. Kc4 g6 31. Kd5 Na7 32. Ke6 Bd8 33. Kf7 Nb5 34. Be1 g5 35. h5 Kc6 36. Kg7 e4 37. Kxh7 f5 38. gxf5 Kd5 39. h6 Ke5 40. Kg6 Bf6 41. h7 g4 42. c6 Bh8 43. Bc3+ 1-0

[Event "Mittelrhein Regionalliga 1415"]
[Site "Mittelrhein"]
[Date "2015.01.11"]
[Round "5.7"]
[White "Zupcevic, Samir"]
[Black "Jonas, Rainer"]
[Result "1-0"]
[WhiteElo "2068"]
[BlackElo "1822"]
[PlyCount "107"]
[EventDate "2014.09.28"]
[EventType "team-tourn"]
[EventRounds "9"]
[EventCountry "GER"]
[SourceTitle "EXT 2023"]
[Source "ChessBase"]
[SourceDate "2022.10.05"]
[SourceVersion "1"]
[SourceVersionDate "2022.10.05"]
[SourceQuality "1"]
[WhiteTeam "Godesberg II"]
[BlackTeam "Rheinbacher SF"]
[WhiteTeamCountry "GER"]
[BlackTeamCountry "GER"]

1. e4 c6 2. d4 d5 3. exd5 cxd5 4. Bd3 Nf6 5. c3 e6 6. Nf3 Bd6 7. Bg5 Nbd7 8. 0-0 Qc7 9. Re1 0-0 10. Bh4 Re8 11. Nbd2 e5 12. dxe5 Bxe5 13. Nxe5 Rxe5 14. Qc2 h6 15. Nf3 Re8 16. Nd4 a6 17. Bh7+ Kh8 18. Bf5 Qd6 19. Re2 Rxe2 20. Qxe2 Ng8 21. Qe8 Nb6 22. Qxf7 Bd7 23. Qg6 Qxg6 24. Bxg6 Rf8 25. Re1 Nc4 26. Re2 Nd6 27. f3 Nf5 28. Nxf5 Bxf5 29. Re8 Rxe8 30. Bxe8 g5 31. Bg3 Kg7 32. Be5+ Kf8 33. Ba4 Ke7 34. Bb3 Ke6 35. Bg3 b5 36. h4 Nf6 37. hxg5 hxg5 38. Bh2 Nd7 39. g4 Bg6 40. Bc7 Nc5 41. Bd8 Bb1 42. Bxg5 Nd3 43. Bd8 Nxb2 44. Kf2 Nd3+ 45. Ke3 Nc1 46. f4 Nxa2 47. Bxa2 Bxa2 48. f5+ Ke5 49. Bc7+ Kf6 50. Kf4 Bb1 51. g5+ Kf7 52. g6+ Kg8 53. Kg5 b4 54. f6 1-0

[Event "Mittelrhein Regionalliga 1415"]
[Site "Mittelrhein"]
[Date "2014.10.19"]
[Round "2.8"]
[White "Wolff, Michael"]
[Black "Jonas, Rainer"]
[Result "1-0"]
[WhiteElo "1873"]
[BlackElo "1822"]
[PlyCount "97"]
[EventDate "2014.09.28"]
[EventType "team-tourn"]
[EventRounds "9"]
[EventCountry "GER"]
[SourceTitle "EXT 2023"]
[Source "ChessBase"]
[SourceDate "2022.10.05"]
[SourceVersion "1"]
[SourceVersionDate "2022.10.05"]
[SourceQuality "1"]
[WhiteTeam "Koeln Ford SF"]
[BlackTeam "Rheinbacher SF"]
[WhiteTeamCountry "GER"]
[BlackTeamCountry "GER"]

1. e4 c6 2. d4 d5 3. exd5 cxd5 4. c4 Nf6 5. Nf3 e6 6. Nc3 Bb4 7. a3 Bxc3+ 8. bxc3 Qa5 9. cxd5 exd5 10. Be2 0-0 11. 0-0 Ne4 12. Bd2 Be6 13. c4 Nxd2 14. Qxd2 Qxd2 15. Nxd2 Nc6 16. cxd5 Nxd4 17. Bc4 Bf5 18. Nf3 Nxf3+ 19. gxf3 Rfd8 20. Rfd1 Rd6 21. Rac1 Rad8 22. Bb3 b5 23. Rc5 a6 24. Rdc1 Rg6+ 25. Kh1 h5 26. Bc2 Bxc2 27. R1xc2 Rg5 28. Rd2 h4 29. h3 Rf5 30. Rd3 Rf4 31. d6 f6 32. Rc7 Rc4 33. Rxc4 bxc4 34. Rd4 c3 35. Rc4 Rxd6 36. Rxc3 Rd4 37. Kg2 g5 38. Rc6 a5 39. Rxf6 Kg7 40. Rf5 Ra4 41. Rxg5+ Kf6 42. Rg4 Rxa3 43. Rxh4 Kg5 44. Rh8 Ra1 45. Rg8+ Kh5 46. f4 a4 47. f5 a3 48. f6 a2 49. f7 1-0

[Event "Mittelrhein Verbandsliga Ost 1314"]
[Site "Mittelrhein"]
[Date "2013.12.15"]
[Round "5.7"]
[White "Jonas, Rainer"]
[Black "Stockhofe, Rudi"]
[Result "1-0"]
[WhiteElo "1816"]
[BlackElo "1594"]
[PlyCount "99"]
[EventDate "2013.09.15"]
[EventType "team-tourn"]
[EventRounds "11"]
[EventCountry "GER"]
[SourceTitle "EXT 2023"]
[Source "ChessBase"]
[SourceDate "2022.10.05"]
[SourceVersion "1"]
[SourceVersionDate "2022.10.05"]
[SourceQuality "1"]
[WhiteTeam "Rheinbacher SF"]
[BlackTeam "Bruehl II"]
[WhiteTeamCountry "GER"]
[BlackTeamCountry "GER"]

1. d4 d5 2. Nf3 Bf5 3. e3 Nc6 4. Bd3 Qd7 5. 0-0 Nf6 6. a3 Ne4 7. Nbd2 h6 8. Ne5 Qe6 9. Nxc6 bxc6 10. Nb3 Qg6 11. f3 Nf6 12. Nc5 e6 13. Bxf5 Qxf5 14. Nd3 Bd6 15. Qe2 Qh5 16. g3 Ne4 17. Qg2 Ng5 18. Bd2 f6 19. h4 Nf7 20. Qh3 Nd8 21. g4 Qf7 22. f4 g6 23. b3 Qg7 24. Qg2 h5 25. g5 f5 26. Ne5 Rg8 27. Qe2 a6 28. Bb4 Qe7 29. Nd3 a5 30. Bc5 Nb7 31. b4 Kf7 32. Rfb1 Kg7 33. c3 Rgb8 34. Qc2 a4 35. c4 Qe8 36. Qc3 Nd8 37. Rb2 Rb7 38. Rab1 Rab8 39. Rc1 Nf7 40. cxd5 cxd5 41. Rbc2 Qd8 42. Ne5 Bxe5 43. dxe5 Qd7 44. Bd4 Nd8 45. Qd3 Ra8 46. Rc5 c6 47. Ra5 Rxa5 48. bxa5 Rb5 49. a6 Qc7 50. Qxb5 1-0

[Event "Mittelrhein Verbandsliga Ost 1314"]
[Site "Mittelrhein"]
[Date "2013.11.24"]
[Round "4.8"]
[White "Jonas, Rainer"]
[Black "Kinnert, Dieter"]
[Result "1-0"]
[WhiteElo "1816"]
[BlackElo "1726"]
[PlyCount "153"]
[EventDate "2013.09.15"]
[EventType "team-tourn"]
[EventRounds "11"]
[EventCountry "GER"]
[SourceTitle "EXT 2023"]
[Source "ChessBase"]
[SourceDate "2022.10.05"]
[SourceVersion "1"]
[SourceVersionDate "2022.10.05"]
[SourceQuality "1"]
[WhiteTeam "Rheinbacher SF"]
[BlackTeam "Troisdorf"]
[WhiteTeamCountry "GER"]
[BlackTeamCountry "GER"]

1. d4 d5 2. Nf3 c6 3. e3 Bg4 4. h3 Bh5 5. g4 Bg6 6. Ne5 Nd7 7. h4 Nxe5 8. dxe5 h5 9. g5 e6 10. Bd3 Ne7 11. Bxg6 Nxg6 12. f4 Qb6 13. Qe2 0-0-0 14. a4 d4 15. e4 Nxf4 16. a5 Qb4+ 17. Qd2 Qxd2+ 18. Bxd2 Ng6 19. Ke2 Nxe5 20. Rf1 Rd7 21. Bf4 Ng4 22. Nd2 e5 23. Bg3 f6 24. Nc4 Bc5 25. gxf6 gxf6 26. Rf3 Kd8 27. b3 Ke7 28. Kd3 Rc8 29. Rf5 Rh8 30. Rg1 Ne3 31. Rf3 b5 32. axb6 axb6 33. Bxe5 fxe5 34. Nxe5 Ng4 35. Ng6+ Ke6 36. Nxh8 Ne5+ 37. Ke2 Nxf3 38. Rg6+ Ke7 39. Rg7+ Ke8 40. Rxd7 Kxd7 41. Kxf3 Bd6 42. Nf7 Bh2 43. Ng5 Ke7 44. Ke2 Kd6 45. Kd3 c5 46. Nf3 Bg3 47. c3 dxc3 48. Kxc3 b5 49. Kd3 Kc6 50. Kc3 Bf2 51. Kd3 Kb6 52. e5 Kc6 53. Ke4 c4 54. bxc4 bxc4 55. Nd4+ Kc5 56. Nf5 Kb4 57. e6 Bc5 58. e7 Bxe7 59. Nxe7 Kc5 60. Nd5 Kd6 61. Kd4 Ke6 62. Ke4 Kd6 63. Nf4 c3 64. Kd3 Ke5 65. Nxh5 Kf5 66. Ng3+ Kg4 67. h5 Kg5 68. Kxc3 Kh6 69. Kd4 Kh7 70. Ke5 Kg7 71. Kf5 Kh6 72. Kf6 Kh7 73. Kg5 Kg7 74. Nf5+ Kh7 75. h6 Kg8 76. Kg6 Kh8 77. Nd6 1-0

[Event "Bad Godesberg op 17th"]
[Site "Bad Godesberg"]
[Date "2013.08.08"]
[Round "6"]
[White "Jonas, Rainer"]
[Black "Schneider, German"]
[Result "0-1"]
[WhiteElo "1970"]
[BlackElo "1992"]
[PlyCount "92"]
[EventDate "2013.08.03"]
[EventType "swiss"]
[EventRounds "9"]
[EventCountry "GER"]
[SourceTitle "CBM 155 Extra"]
[Source "ChessBase"]
[SourceDate "2013.08.26"]
[SourceVersion "1"]
[SourceVersionDate "2013.08.26"]
[SourceQuality "1"]

1. d4 Nf6 2. Nf3 g6 3. c4 c5 4. d5 Bg7 5. Nc3 d6 6. e4 b5 7. cxb5 0-0 8. Be2 a6 9. Bg5 axb5 10. Bxf6 Bxf6 11. e5 b4 12. exf6 bxc3 13. bxc3 e6 14. 0-0 Qxf6 15. dxe6 Bxe6 16. Qxd6 Qxc3 17. Rfc1 Qb2 18. Qe5 Rxa2 19. Qxb2 Rxb2 20. Bc4 Bxc4 21. Rxc4 Nd7 22. g3 Rfb8 23. Ra7 R2b7 24. Ra6 Rb4 25. Rc2 Rb2 26. Rc4 R8b4 27. Rc1 Rb1 28. Rxb1 Rxb1+ 29. Kg2 Rb6 30. Ra7 Rd6 31. Rc7 h6 32. g4 Kf8 33. h4 Rd5 34. Kg3 Ke7 35. Rc8 Ne5 36. Nxe5 Rxe5 37. Kf4 f6 38. Rg8 g5+ 39. hxg5 hxg5+ 40. Kf3 Re6 41. Rc8 Kd6 42. Rd8+ Kc6 43. Rb8 c4 44. Ra8 Kc5 45. Rb8 c3 46. Rb7 c2 0-1

[Event "Bad Godesberg op 17th"]
[Site "Bad Godesberg"]
[Date "2013.08.06"]
[Round "4"]
[White "Jonas, Rainer"]
[Black "Gikas, Andreas Basilius"]
[Result "0-1"]
[WhiteElo "1970"]
[BlackElo "2187"]
[PlyCount "44"]
[EventDate "2013.08.03"]
[EventType "swiss"]
[EventRounds "9"]
[EventCountry "GER"]
[SourceTitle "CBM 155 Extra"]
[Source "ChessBase"]
[SourceDate "2013.08.26"]
[SourceVersion "1"]
[SourceVersionDate "2013.08.26"]
[SourceQuality "1"]

1. d4 Nf6 2. Nf3 g6 3. Nc3 c5 4. d5 Bg7 5. e4 d6 6. Be3 0-0 7. Be2 b5 8. Nd2 b4 9. Na4 Bd7 10. b3 Bxa4 11. bxa4 Qa5 12. 0-0 Qxa4 13. Bc4 Nfd7 14. Rb1 Nb6 15. Qe2 Nxc4 16. Qxc4 Nd7 17. f4 Nb6 18. Qb3 Qd7 19. e5 Qb7 20. Ne4 Nxd5 21. exd6 Nxe3 22. Rfe1 Qxe4 0-1

[Event "Verbandsliga Mittelrhein-Ost 1213"]
[Site "Germany"]
[Date "2013.05.05"]
[Round "10.7"]
[White "Jonas, Rainer"]
[Black "Wenner, Heinz"]
[Result "1/2-1/2"]
[WhiteElo "1847"]
[BlackElo "1736"]
[PlyCount "83"]
[EventDate "2012.09.09"]
[EventType "team"]
[EventRounds "11"]
[EventCountry "GER"]
[SourceTitle "EXT 2015"]
[Source "ChessBase"]
[SourceDate "2014.11.20"]
[SourceVersion "1"]
[SourceVersionDate "2014.11.20"]
[SourceQuality "1"]
[WhiteTeam "Rheinbacher SF"]
[BlackTeam "Troisdorf"]
[WhiteTeamCountry "GER"]
[BlackTeamCountry "GER"]

1. d4 f5 2. Nf3 Nf6 3. g3 g6 4. Bg2 Bg7 5. 0-0 c6 6. c4 0-0 7. Qc2 Na6 8. Rd1 d5 9. a3 Be6 10. c5 Nc7 11. Nc3 Kh8 12. Ne5 Nd7 13. Bf4 Bg8 14. b4 Ne6 15. Nxd7 Qxd7 16. Be5 Bxe5 17. dxe5 f4 18. e4 fxe3 19. f4 Ng7 20. Ne2 Be6 21. Nd4 Bh3 22. Qc3 Bxg2 23. Kxg2 Kg8 24. Qxe3 Nf5 25. Nxf5 Qxf5 26. Ra2 e6 27. Rf2 h5 28. Rd4 Kg7 29. h3 Rh8 30. a4 a6 31. Rb2 Rhb8 32. Qe2 Qf8 33. Rb3 Ra7 34. g4 hxg4 35. hxg4 Qe7 36. Rh3 Raa8 37. f5 exf5 38. e6 Rh8 39. Qe5+ Qf6 40. Qc7+ Kg8 41. Re3 Rh7 42. Qf4 1/2-1/2

[Event "Verbandsliga Mittelrhein-Ost 1213"]
[Site "Germany"]
[Date "2012.11.11"]
[Round "4.6"]
[White "Bendisch, Juergen"]
[Black "Jonas, Rainer"]
[Result "1/2-1/2"]
[WhiteElo "1688"]
[BlackElo "1847"]
[PlyCount "33"]
[EventDate "2012.09.09"]
[EventType "team"]
[EventRounds "11"]
[EventCountry "GER"]
[SourceTitle "EXT 2015"]
[Source "ChessBase"]
[SourceDate "2014.11.20"]
[SourceVersion "1"]
[SourceVersionDate "2014.11.20"]
[SourceQuality "1"]
[WhiteTeam "Hennef"]
[BlackTeam "Rheinbacher SF"]
[WhiteTeamCountry "GER"]
[BlackTeamCountry "GER"]

1. d4 Nf6 2. c4 g6 3. Nc3 Bg7 4. e4 d6 5. Nf3 0-0 6. Be2 e5 7. dxe5 dxe5 8. Qxd8 Rxd8 9. h3 c6 10. Be3 Ne8 11. Rd1 Rxd1+ 12. Bxd1 f6 13. 0-0 Be6 14. b3 Nd7 15. Bc2 Bf8 16. Rd1 b6 17. Kh2 1/2-1/2

[Event "Mittelrhein Verbandsliga-M 1112"]
[Site "Germany"]
[Date "2012.05.06"]
[Round "10.5"]
[White "Kocur, Beata"]
[Black "Jonas, Rainer"]
[Result "0-1"]
[WhiteElo "1780"]
[BlackElo "1878"]
[PlyCount "70"]
[EventDate "2011.09.18"]
[EventType "team-tourn"]
[EventRounds "11"]
[EventCountry "GER"]
[SourceTitle "EXT 2013"]
[Source "ChessBase"]
[SourceDate "2012.11.22"]
[SourceVersion "1"]
[SourceVersionDate "2012.11.22"]
[SourceQuality "1"]
[WhiteTeam "Hitdorf SV Springer"]
[BlackTeam "Rheinbacher SF II"]
[WhiteTeamCountry "GER"]
[BlackTeamCountry "GER"]

1. e4 c6 2. d4 d5 3. Nc3 dxe4 4. Nxe4 Nd7 5. Nf3 Ngf6 6. Bd3 e6 7. Ng3 Bd6 8. Bg5 Qc7 9. Ne4 Nxe4 10. Bxe4 Bf4 11. Bh4 Nf6 12. Bxf6 gxf6 13. g3 Bh6 14. Qe2 Bd7 15. Bd3 0-0-0 16. 0-0 Bg7 17. c3 h5 18. Nh4 f5 19. f4 Bf6 20. Nf3 c5 21. dxc5 Qxc5+ 22. Qf2 Qxf2+ 23. Kxf2 Bc6 24. Rad1 h4 25. Rfe1 hxg3+ 26. hxg3 Be7 27. Bf1 Bc5+ 28. Nd4 Rh2+ 29. Ke3 Rg8 30. Kd3 Bxd4 31. Kxd4 Rxb2 32. Ke5 Rg6 33. Re3 Kc7 34. Be2 Rxa2 35. c4 Ra5+ 0-1